| 000 | 00661nam a22002057a 4500 | ||
|---|---|---|---|
| 003 | OSt | ||
| 005 | 20260425021521.0 | ||
| 008 | 260425b |||||||| |||| 00| 0 eng d | ||
| 040 |
_aDWCL-Main lib. _cOC |
||
| 082 | _aCirc. 621.3191 G896c 2018 | ||
| 100 | _aGupta, J.B | ||
| 245 |
_aA Course in power systems/ _cJ.B. Gupta |
||
| 260 |
_aNew Delhi: _bS.K kataria & Sons, _cc2018. |
||
| 300 |
_axvi, 534 pages _b: illustrations ; _c 28 centimeters. |
||
| 504 | _aIncludes index | ||
| 650 | _a1. Electronic power distribution | ||
| 650 | _a2. Electronic power systems | ||
| 650 | _a3. Electronic power transmission | ||
| 942 |
_2ddc _cBK-CIRC _hCirc. _n0 |
||
| 999 |
_c9887 _d9887 |
||